Statistics for W Series Race Winners

Click here to take the quiz!

General Stats

  • This quiz has been taken 15 times
  • The average score is 4 of 5

Answer Stats

WinsDriverCountry% Correct
11Jamie ChadwickUnited Kingdom
100%
5Alice PowellUnited Kingdom
75%
2Beitske VisserNetherlands
63%
2Emma KimiläinenFinland
63%
1Marta GarcíaSpain
63%

Score Distribution

Percentile by Number Answered

Percent of People with Each Score

Your Score History

You have not taken this quiz